National accounts statistics : (Record no. 136072)

MARC details
000 -LEADER
fixed length control field 00727nam a22002177a 4500
005 - DATE AND TIME OF LATEST TRANSACTION
control field 20170124110254.0
010 ## - LIBRARY OF CONGRESS CONTROL NUMBER
LC control number A-834969
020 ## - INTERNATIONAL STANDARD BOOK NUMBER
Terms of availability 00.00
035 ## - SYSTEM CONTROL NUMBER
System control number A-834969
037 ## - SOURCE OF ACQUISITION
Source of stock number/acquisition Cen Lib/Ret
040 ## - CATALOGING SOURCE
Original cataloging agency DPL
Language of cataloging EN
082 ## - DEWEY DECIMAL CLASSIFICATION NUMBER
Classification number 657.021
Item number NAT
110 ## - MAIN ENTRY--CORPORATE NAME
Corporate name or jurisdiction name as entry element India. Central Statistical Organisation.
9 (RLIN) 101467
245 ## - TITLE STATEMENT
Title National accounts statistics :
Remainder of title sources and methods /
260 ## - PUBLICATION, DISTRIBUTION, ETC. (IMPRINT)
Place of publication, distribution, etc New Delhi
Name of publisher, distributor, etc Department of Statistics Ministry of Planning
Date of publication, distribution, etc 1989
270 ## - ADDRESS
City New Delhi
300 ## - PHYSICAL DESCRIPTION
Extent vi,374p.
Dimensions 26cm(Hb)
650 ## - SUBJECT ADDED ENTRY--TOPICAL TERM
Topical term or geographic name as entry element Gross national product -- India -- Statistical methods.
9 (RLIN) 101468
650 ## - SUBJECT ADDED ENTRY--TOPICAL TERM
Topical term or geographic name as entry element Gross national product -- Statistical methods.
9 (RLIN) 101469
942 ## - ADDED ENTRY ELEMENTS (KOHA)
Source of classification or shelving scheme Dewey Decimal Classification
Koha item type English Books
Classification part 657.021
Call number suffix NAT
Holdings
Withdrawn status Lost status Damaged status Not for loan Home library Current library Date acquired Source of acquisition Cost, normal purchase price Total Checkouts Full call number Barcode Date last seen Copy number Cost, replacement price Price effective from Koha item type Public note
Written off       Central Library Central Library 13/10/2015 Cen Lib/Ret 0.00   657.021 NAT A-834969 13/10/2015 1 0.00 13/10/2015 English Books W/d List No. 8131/18; dtd 20.2.2017

© Delhi Public Library
Hit Counter
free hit counter